Ennepe-Ruhr-Kreis | Städte - Statistiken

Allgemein
  • Dieses Quiz wurde 117 mal gespielt
  • Das Durchschnittsergebnis liegt bei 7 aus 9
Antworten auf der Karte
Die Antworten werden auf der Karte rot bzw. grün angezeigt, abhängig davon wie oft sie richtig erraten wurden.
 
Antwortstatistiken
Einwohner Stadt % Korrekt
30.652 Ennepetal
88%
95.897 Witten
88%
54.637 Hattingen
84%
28.723 Schwelm
84%
24.838 Sprockhövel
79%
31.097 Gevelsberg
77%
9.041 Breckerfeld
72%
27.550 Wetter (Ruhr)
72%
22.758 Herdecke
67%
Keine übereinstimmenden Quizze gefunden
Verteilung der Resultate
Anzahl Personen mit jedem Resultat
Perzentil nach korrekt beantworteten Fragen
Ihre Resultats-Entwicklung
Sie haben dieses Quiz noch nicht gespielt